Využitie elektródy z diamantu dopovaného bórom v elektroanalytickej chémii
Enregistré dans:
| Auteur principal: | |
|---|---|
| Autres auteurs: | |
| Format: | Manuscrit Livre |
| Langue: | slovaque |
| Publié: |
2016
|
| Sujets: | |
| Accès en ligne: | http://is.stuba.sk/zp/portal_zp.pl?podrobnosti=111574 |
| Tags: |
Pas de tags, Soyez le premier à ajouter un tag!
|
MARC
| LEADER | 00000ntm a22000003a 4500 | ||
|---|---|---|---|
| 001 | stuzp42661 | ||
| 003 | SK-STU | ||
| 005 | 20160827210228.3 | ||
| 007 | ta | ||
| 008 | 150427s2015----xo-----f-mn---000-0-slo-d | ||
| 040 | |a STU |b slo | ||
| 041 | 0 | |a slo | |
| 100 | 1 | |a Chomisteková, Zuzana |u 041000 |4 aut |U FCHPT Fakulta chemickej a potravinárskej technológie |T FCHPT Ústav analytickej chémie |X 58179 |U C1000 |Y 99 |7 58179 | |
| 242 | 0 | 1 | |a Electroanalytical Applications of Boron-Doped Diamond Electrode |y eng |
| 245 | 1 | 0 | |a Využitie elektródy z diamantu dopovaného bórom v elektroanalytickej chémii |
| 260 | |c 2016 | ||
| 650 | 4 | |a antimón |2 slo | |
| 650 | 4 | |a cín |2 slo | |
| 650 | 4 | |a omeprazol |2 slo | |
| 650 | 4 | |a voltampérometria |2 slo | |
| 650 | 4 | |a elektróda z diamantu dopovaného bórom |2 slo | |
| 650 | 4 | |a boron-doped diamond electrode |2 eng | |
| 650 | 4 | |a omeprazole |2 eng | |
| 650 | 4 | |a voltammetry |2 eng | |
| 650 | 4 | |a tin |2 eng | |
| 650 | 4 | |a antimony |2 eng | |
| 700 | 1 | |a Tomčík, Peter |4 ths |X 3989 |7 3989 | |
| 856 | 4 | |u http://is.stuba.sk/zp/portal_zp.pl?podrobnosti=111574 | |